000 00525nam a2200181 i 4500
001 bg
245 0 _aGeodezja i informatyka :
_b[zagadnienia wybrane].
260 _aWrocław :
_bZakł. Nar. im. Ossolińskich,
_c1977.
300 _as. 144 :
_brys., ilustr.
490 1 _aPrace Kom. Górn.-Hut. PAN ;
_vNr 23
500 _a[Streszcz. w jęz. ang. i ros.].
830 _aPrace Kom. Górn.-Hut. PAN ;
040 _cBPK
041 _apol
080 _a528:681.3
942 _cKS
008 s pl f |000 0 pol
999 _c27592
_d27592
856 _uhttp://koha.tu.koszalin.pl/cgi-bin/koha/opac-detail.pl?biblionumber=27592
_yKatalog online BPK